000 00714nam a2200265 i 4500
001 C2-0070341
003 PPAK
005 20190630222137.0
008 970429s1984 nyu |||| ||||| | eng d
020 _a0517554968
040 _aPPAK
_beng
_cPPAK
_erda
082 0 4 _a133.9013
_223
090 0 0 _a133.9013
_bCRA
_dG
100 1 _aCranston, Sylvia,
_eauthor
245 1 0 _aReincarnation
264 1 _aNew York :
_bCrown Publishers ,
_c1984
300 _axiv, 385 pages ;
_c25 cm
336 _2rdacontent
_atext
337 _2rdamedia
_aunmediated
338 _2rdacarrier
_avolume
500 _aIncludes indexes
650 1 0 _aReincarnation - Addresses, essays, lectures.
700 _eauthor
942 _ddc
_cB
999 _c8140
_d8140